Repensar las políticas urbanas : apuntes para la agenda urbana / coordinadores: Josep M. Montaner, Joan Subirats apuntes para la agenda urbana / coordinadores:
ISBN:
978-84-9803-488-2
Publicado:
Barcelona :
Diputació de Barcelona, Àrea de Presidència, Direcció d'Estudis i Prospectiva, Centre d'Estudis Territorials ,
2012
Descripción Física:
335 p. : gràf., taules ; 24 cm
Colección:
Estudios. Territorio ; 11
MARC
| LEADER | 00000nam a2200000Ia 4500 | ||
|---|---|---|---|
| 001 | 23620 | ||
| 008 | 160829s2012 xx 000 0 cat d | ||
| 020 | |a 978-84-9803-488-2 | ||
| 080 | |a Bib-1 | ||
| 245 | |a Repensar las políticas urbanas : |b apuntes para la agenda urbana / coordinadores: |b Josep M. Montaner, Joan Subirats | ||
| 260 | |a Barcelona : |b Diputació de Barcelona, Àrea de Presidència, Direcció d'Estudis i Prospectiva, Centre d'Estudis Territorials, |c 2012 | ||
| 300 | |a 335 p. : |b gràf., taules ; |c 24 cm | ||
| 490 | |a Estudios. Territorio ; 11 | ||
| 650 | 0 | |a Política urbana |9 49061 | |
| 650 | 0 | |a Urbanisme--Aspectes ambientals |9 41515 | |
| 650 | 0 | |a Urbanisme |x Aspectes socials |9 45804 | |
| 700 | 1 | |a Montaner, Josep Maria, |d 1954- |e editor literari |9 15562 | |
| 700 | |a Subirats, Joan |q (Subirats i Humet), |d 1951- |e editor literari |9 148 | ||
| 901 | |a Arxiu | ||
| 942 | |n 1 |2 udc | ||
| 952 | |0 0 |1 0 |4 0 |6 BIB1 |7 1 |9 55064 |a Arxiu |b Arxiu |d 2012-12-05 |l 0 |o Bib-1 |p 23620 |r 2016-12-01 00:00:00 |w 2016-12-01 |y ARXIU | ||
| 999 | |c 58934 |d 58934 | ||